000 00394nam a2200133 4500
999 _c507970
_d507970
008 190302b ||||| |||| 00| 0 eng d
100 _aSingh, Yogesh Pratap
_92889
245 _aJudicial review and process of judging:
_bthe jurisprudential sanalysis
260 _c2018
300 _ap.58-78.
773 _aJournal of the Indian Law Institute
906 _aJudicial review
942 _2ddc
_cAR